000 01163nam a22002537a 4500
008 100615t xxu||||| |||| 00| 0 eng d
082 _222
_a658
_bع ط ي
100 _913672
_aعطيه، طاهر مرسى
245 _aأصول الإدارة :
_bللطالب والمدير /
_cطاهر مرسي عطيه
260 _a[د.م]
_bالمؤلف ،[1994?]
_c[1994?]
300 _a345 ص:
_bايض ؛
_c22 سم
500 _aإهداء: د. سماء عطيه
504 _aببليوجرافية: ص343-345
650 _914798
_aالإدارة
650 _914799
_aالتخطيط
650 _914800
_aالتنظيم
650 _914802
_aتقييم الأداء
650 _914803
_aالرقابة الإدارية
650 _914804
_aاتخاذ القرارات
650 _914805
_aالقرارات الإدارية
942 _2ddc
_cBB
999 _c14096
_d14096